Pays les moins densément peuplés - Statistiques

Statistiques générales
  • Ce quiz a été pris 179 fois
  • Le résultat moyen est 7 sur 15
Statistiques - réponses
Hint Réponse % Correct
8 Canada
90%
14 Russie
90%
3 Australie
84%
1 Mongolie
79%
11 Kazakhstan
69%
10 Mauritanie
51%
4 Islande
48%
2 Namibie
43%
7 Libye
40%
15 Bolivie
28%
9 Botswana
23%
12 République centrafricaine
19%
6 Guyana
16%
5 Suriname
16%
13 Gabon
10%
Aucun quiz correspondant
Distribution des résultats
% des personnes avec chaque résultat
Percentile par nombre de réponses
Votre historique - résultats
Vous n’avez pas pris ce quiz